The Father of our Lord Jesus Christ (Record no. 119513)
[ view plain ]
| 000 -LEADER | |
|---|---|
| fixed length control field | 00543nam a22001457a 4500 |
| 005 - DATE AND TIME OF LATEST TRANSACTION | |
| control field | 20140106125456.0 |
| 008 - FIXED-LENGTH DATA ELEMENTS--GENERAL INFORMATION | |
| fixed length control field | 140106b xxu||||| |||| 00| 0 eng d |
| 050 ## - LIBRARY OF CONGRESS CALL NUMBER | |
| Classification number | BX961. |
| Item number | H6 2000 |
| 100 ## - MAIN ENTRY--PERSONAL NAME | |
| Personal name | Central Committee for Jubilee 2000 |
| 9 (RLIN) | 6518 |
| 110 ## - MAIN ENTRY--CORPORATE NAME | |
| Corporate name or jurisdiction name as entry element | Central Committee for Jubilee 2000 |
| 9 (RLIN) | 6518 |
| 245 ## - TITLE STATEMENT | |
| Title | The Father of our Lord Jesus Christ |
| Remainder of title | Pastoral-Missionary Study Aid for the Year 1999 |
| Statement of responsibility, etc | Central Committee for Jubilee 2000 |
| 260 ## - PUBLICATION, DISTRIBUTION, ETC. (IMPRINT) | |
| Place of publication, distribution, etc | Nairobi |
| Name of publisher, distributor, etc | Paulines Publications Africa |
| Date of publication, distribution, etc | 1999 |
| 300 ## - PHYSICAL DESCRIPTION | |
| Extent | 80p.; |
| Dimensions | 21cm. |
| 942 ## - ADDED ENTRY ELEMENTS (KOHA) | |
| Source of classification or shelving scheme | Library of Congress Classification |
| Item type | Monograph ( Printed materials) |
No items available.